Billy Joel Lyrics Quiz (Part 43) - Statistics

General Stats
  • This quiz has been taken 24 times
    21 since last reset
  • The average score is 161 of 262
Answer Stats
Answer % Correct
I
94%
so
94%
a
88%
be
88%
me
88%
on
88%
to
88%
you
88%
And
82%
and
82%
can't
82%
He
82%
it
82%
the
82%
they
82%
but
76%
But
76%
for
76%
go
76%
in
76%
know
76%
should
76%
too
76%
when
76%
with
76%
With
76%
all
71%
by
71%
have
71%
my
71%
say
71%
some
71%
where
71%
why
71%
down
65%
out
65%
Out
65%
saw
65%
that
65%
there
65%
this
65%
won't
65%
feel
59%
gone
59%
Got
59%
I'll
59%
I'm
59%
I've
59%
mind
59%
never
59%
place
59%
Then
59%
Well
59%
We'll
59%
been
53%
only
53%
seen
53%
Sit
53%
sit
53%
that's
53%
think
53%
Think
53%
while,
53%
again
47%
big
47%
bird
47%
comin'
47%
face
47%
free
47%
hard
47%
home
47%
lets
47%
look
47%
music
47%
Oh,
47%
play
47%
same
47%
same,
47%
sky
47%
strange
47%
town
47%
TV
47%
wind
47%
anymore
41%
around
41%
changed
41%
Dad,
41%
east
41%
gonna
41%
goodbye
41%
into
41%
line
41%
made
41%
Mom
41%
old
41%
showdown
41%
streets
41%
suburban
41%
tell
41%
Til
41%
afternoon
35%
barbecue
35%
Bored
35%
chairs
35%
champagne
35%
changes
35%
crabgrass
35%
Daddy
35%
death
35%
drinkin'
35%
drive
35%
Flyin'
35%
folks,
35%
fun,
35%
game
35%
great
35%
grow
35%
guess
35%
gun
35%
hasn't
35%
hide
35%
high
35%
jokes,
35%
kitchen
35%
neighbors
35%
outdoor
35%
packed
35%
plane
35%
room
35%
should've
35%
style
35%
Sunday
35%
touches
35%
yard
35%
worked
29%
No matching quizzes found
Score Distribution
Percent of People with Each Score
Percentile by Number Answered
Your Score History
You have not taken this quiz since the last reset